| 000 | 00317nam a22000857a 4500 | ||
|---|---|---|---|
| 008 | 160621b xxu||||| |||| 00| 0 eng d | ||
| 245 | _aCOURT OF APPEAL CONSTITUTIONAL APPLICATION NO.29 OF 2011 NASSER KIINGI And another VS ATTORNEY GENERAL And two others | ||
| 260 | _c2011 | ||
| 500 | _3(CORAM: Hon. Justice S.B.K. Kavuma, JA) | ||
| 999 |
_c8454 _d8454 |
||